000 00479nam a2200181Ia 4500
005 20250508150848.0
008 008 250505s9999 xx 000 0 eng d
037 _aTextual
040 _aFEDL
_beng
_cFEDL
041 _aeng
_2eng
084 _a913.54, GHU
_qFEDL
100 _aGhurye G S
245 0 _aIndian costume
260 _aBombay, India
_bThe Popular Book Depot
_c1951
300 _a319p.
942 _cTEXL
_h913.54, GHU
999 _c1326165
_d1326165